| 000 | 00844nam a22001937a 4500 | ||
|---|---|---|---|
| 003 | OSt | ||
| 005 | 20240601111426.0 | ||
| 008 | 240601b ||||| |||| 00| 0 eng d | ||
| 040 | _cAIMIT LIBRARY | ||
| 100 |
_aSachin. _e2016112 _9168954 |
||
| 245 |
_aStudy on the influence of brand satisfaction and brand equity on brand loyality and word of mouth intention with special reference to campco chocolates Mangalore / _cBy Sachin Guided by Justine P James. |
||
| 260 |
_aMangaluru ; _c2022. |
||
| 650 |
_aIndustry profile company profile and introduction to study _9168955 |
||
| 650 |
_aProblem formulation _9168956 |
||
| 650 |
_aResearch methodology _9168957 |
||
| 700 |
_aJames, Justine P. _eGuide _9168958 |
||
| 856 |
_3Central arecanut and cocoa marketing and processing co -operative ltd. _uwww.campco.org _ywww.campco.org |
||
| 942 |
_2ddc _cPRO |
||
| 999 |
_c231007 _d231007 |
||